000 01216nam a22003497a 4500
003 CHAP
005 20220817041254.0
008 971013s1991 r 00010 d
010 _a10063
011 _a11035
035 _a10273
040 _cCHAP
082 _a581.13342
_bB6
100 0 0 _aBoote. K. J.
_eed
_913799
245 _aModeling crop photosynthesis from biochemistry to canopy
260 _aMadison, Wis. :
_bCrop Science Society of America,
_c1991
300 _a140 p.
_b; gráfs
490 _aCSSA Special publication
_v; 19
590 _aBATCH-UPD
_b10
_c20130110
_lUCH01
_h1647
590 _aBATCH-UPD
_b10
_c20130410
_lUCH01
_h1037
590 _aBATCH-UPD
_b10
_c20130914
_lUCH01
_h1107
590 _aCONVERSION
_b10
_c20130109
_lUCH01
_h1306
650 1 4 _aFisiología vegetal.
_941136
650 1 4 _aFotosíntesis.
_942737
650 1 4 _aFotosíntesis
_xModelos matemáticos.
_942740
700 0 _aLoomis, R. S.
_eed
_967620
830 0 _aCSSA Special publication
_v; 19
901 _aBK
942 _cLIBRO
949 _a581.13342 B6
_bBC
_cLIBRO
_d33724000512356
_eLIBRO
_gI.c/e
_h85278
_i10273
_si
_t92.73
949 _a581.13342 B6
_bBC
_cLIBRO
_d33724000961553
_eLIBRO
_fc.2
_gI.c/e
_h106917
_i10273
_si
_t$154.00
999 _c10063
_d10063